La fraternidad ecuménica de Chile y los Te Deum de acción de gracias por la patria
Saved in:
| Hovedforfatter: | |
|---|---|
| Format: | Bog |
| Sprog: | spansk |
| Udgivet: |
Valparaíso
ALBA S.A
2013
|
| Udgivelse: | 1a. ed |
| Fag: | |
| Tags: |
Tilføj Tag
Ingen Tags, Vær først til at tagge denne postø!
|
MARC
| LEADER | 00000cam a2200000 a 4500 | ||
|---|---|---|---|
| 001 | UCB0026 | ||
| 003 | CL-VaPUC | ||
| 005 | 20220418083558.0 | ||
| 008 | 191206e20130000cl spa d | ||
| 082 | 0 | 4 | |a 280.042 |b MUÑ |2 21 |
| 100 | |a Muñoz Condell, David |e autor |9 605347 | ||
| 245 | 1 | 3 | |a La fraternidad ecuménica de Chile y los Te Deum de acción de gracias por la patria |
| 250 | |a 1a. ed | ||
| 260 | |a Valparaíso |b ALBA S.A |c 2013 | ||
| 300 | |a 131 p | ||
| 583 | |a last modification |c 20191206 10:52:00 |k Rodrigo Vera | ||
| 650 | 0 | 0 | |a Ecumenismo |9 255639 |
| 942 | |c BK | ||
| 945 | |a dcastane |d 20191206 10:52:00 | ||
| 999 | |c 376278 |d 376276 | ||
| 952 | |0 0 |1 0 |3 erb |4 0 |6 280_042000000000000_MUÑ_2013 |7 0 |8 A |9 495639 |a BIBDER |b BIBDER |i 5611121 |o 280.042 MUÑ 2013 |p 5611121 |r 2023-01-25 |w 2020-01-06 |y BK |z Catalogado en:20191206 |k DER | ||